000 01415nam a2200361 c 4500
003 BLK
005 20220202175211.0
008 180408b bul|||||r ||||||| ||bul||
010 _aKNG00083282000
020 _a978-954-431-354-8
_bиздат.: Златното пате
040 _aBLK
041 _aBUL
_cBUL
080 _aРуска литература
_b821.161.1
_x-93-1
_z821.161.1-93-1
100 1 _aКрас, Олга
_eпърви автор
_983903
700 1 _aЦанков, Атанас
_eстихове
_9368970
700 1 _aРеброва, Н.
_eил.
_9115709
139 _aКрас, Олга
_bК 89
245 1 0 _aОпасната улица
_cОлга Крас; стихове Атанас Цанков; ил. Н. Реброва.
257 _aBGR
260 София
_bЗлатното пате
_c2007
_fСофия : Проф-Прес
300 _a10 с.
_bс цв. ил.
_c16Х16 см
380 _aDX
500 _aБез сведение за ориг. загл. - Кор. опис. - Офс. изд.
653 _aстихотворения за деца
653 _aкнижки-картинки
653 _aлитература за деца
653 _aдетска литература
852 _aЦб І 33009
856 4 _qpdf
_u
856 4 _qpdf
_u
942 _cKNG
_n0
_09
944 _aCR
_c17.04.2008
_kНаталия_Медовщикова
944 _aED
_c14.07.2017
_kПенка_Димитрова
999 _c78815
_d78815